Estadísticas para 10 Paises menos populosos do Mundo

Haz click aquí para tomar la prueba!

Estadísticas generales

  • Esta prueba ha sido tomada 126 veces
  • La puntuación promedio es 4 de 10

Estadísticas de respuestas

PopulaçãoPaís% Correcto
990Vaticano
88%
32 835Mônaco
72%
12 177Tuvalu
70%
13 775Nauru
62%
34 515Liechtenstein
50%
20 701Palau
37%
72 514Dominica
28%
29 973São Marino
10%
63 174Ilhas Marshall
9%
39 817São Cristóvão e Nevis
4%

Distribución de puntuación

Porcentaje por número respondido

Porcentaje de gente con cada puntuación

Historial de tus puntuaciones

No has tomado esta prueba